Ochrana vkladov vo vybraných európskych krajinách bakalárska práca

Gespeichert in:
Bibliographische Detailangaben
1. Verfasser: Penxa, Ján
Körperschaft: Národohospodárska fakulta EU. Katedra bankovníctva a medzinárodných financií
Weitere Verfasser: Čurlejová, Libuša
Format: Buch
Sprache:Slowakisch
Veröffentlicht: Bratislava 2010
Tags: Tag hinzufügen
Keine Tags, Fügen Sie das erste Tag hinzu!

MARC

LEADER 00000nbm a2200000 4500
001 0132939
005 20161109111455.4
041 0 |a slo 
044 |a SK 
245 1 0 |a Ochrana vkladov vo vybraných európskych krajinách  |b bakalárska práca  |c Ján Penxa ; školiteľ: Libuša Čurlejová 
264 1 |a Bratislava  |c 2010 
300 |a 42 s. 
100 1 |a Penxa, Ján 
700 1 |a Čurlejová, Libuša 
710 2 |a Národohospodárska fakulta EU. Katedra bankovníctva a medzinárodných financií